[Event "with Black"]
[Site "http://www.queenalice.com/game.php?id=900386"]
[Date "2011.2.14"]
[Round "-"]
[White "Lello5907"]
[Black "carobrod"]
[Result "1-0"]
[WhiteElo "1761"]
[BlackElo "2072"]

1. e4 g6 2. Nf3 Bg7 3. d4 d6 4. Bc4 e6 5. Nc3 a6 6. d5 e5 7. h4 Bg4 8. Be3 Ne7
9. Qd2 Bxf3 10. gxf3 f5 11. Bg5 f4 12. O-O-O h6 13. Bxe7 Qxe7 14. Rdg1 Qf7 15.
Bf1 Nd7 16. Bh3 O-O-O 17. Nb1 Kb8 18. Na3 Nf8 19. Nc4 b6 20. Qb4 Ka7 21. a4 Qe7
22. a5 b5 23. Na3 Rb8 24. Rd1 Bf6 25. Bf1 Qd7 26. c4 bxc4 27. Qxc4 Qc8 28. b4
Nd7 29. Kd2 Qb7 30. Rb1 Rhc8 31. Bh3 Rd8 32. b5 Nc5 33. Rb2 Bxh4 34. Ke2 Ka8 35.
Rhb1 Qa7 36. b6 Qb7 37. Nc2 cxb6 38. axb6 Rg8 39. Ne1 Rgd8 40. Nd3 Nd7 41. Qc6
Qxc6 42. dxc6 Nxb6 43. c7 Rb7 44. cxd8=Q+ Bxd8 45. Bc8 Ka7 46. Bxb7 Kxb7 47. Nb4
Na4 48. Rc2 Nc5 49. Nd3+ Kc6 50. Rd1 Be7 51. Nxc5 dxc5 52. Rd5 Bd6 53. Ra2 1-0

[Event "Challenge"]
[Site "http://www.queenalice.com/game.php?id=902791"]
[Date "2011.2.19"]
[Round "-"]
[White "ymfrancois"]
[Black "Lello5907"]
[Result "1-0"]
[WhiteElo "1811"]
[BlackElo "1780"]

1. d4 Nf6 2. c4 g6 3. Bf4 d6 4. e3 c5 5. Nf3 Ne4 6. Ng5 Bg7 7. Nxe4 cxd4 8. exd4
a6 9. Nbc3 Bd7 10. d5 O-O 11. Be2 Bf5 12. O-O Nd7 13. Qc1 Bxe4 14. Nxe4 Qb6 15.
Rb1 Nc5 16. Nxc5 Qxc5 17. Bh6 Rae8 18. Bxg7 Kxg7 19. Qg5 e6 20. b4 Qd4 21. Rfd1
Qb6 22. Bf3 e5 23. h4 f6 24. Qg4 f5 25. Qg5 e4 26. Be2 f4 27. h5 Rf5 28. h6+ Kf7
29. Qh4 g5 30. Qh5+ Ke7 31. Qh3 Rf6 32. Bg4 Kd8 33. Kh2 Qxf2 34. Kh1 Qxa2 35.
Qh5 Rg8 36. c5 Qc4 37. cxd6 Rgg6 38. Be2 Qc3 39. Rdc1 Qg3 40. Qg4 Qxg4 41. Bxg4
Rxh6+ 42. Kg1 Rxd6 43. Rc8+ Ke7 44. Rbc1 Kf6 45. Rf8+ Ke5 46. Be6 e3 47. Rc4
Rxd5 48. Bxd5 Kxd5 49. Rfc8 e2 50. Rc1 Re6 51. Kf2 Re4 52. R8c5+ Ke6 53. R5c4
Rxc4 54. Rxc4 Kf5 55. Kxe2 Kg4 56. Kf2 h5 57. Rc7 Kf5 58. Rxb7 h4 59. Rb6 Ke4
60. Rxa6 g4 61. Rh6 g3+ 62. Kg1 1-0

[Event "Challenge"]
[Site "http://www.queenalice.com/game.php?id=911273"]
[Date "2011.3.10"]
[Round "-"]
[White "Lello5907"]
[Black "Andrei_78"]
[Result "1-0"]
[WhiteElo "1761"]
[BlackElo "1747"]

1. e4 e5 2. Nf3 d6 3. d4 Be7 4. dxe5 Bd7 5. Bc4 Bg4 6. exd6 cxd6 7. Nc3 Bxf3 8.
Qxf3 Nf6 9. Bg5 O-O 10. O-O-O Nbd7 11. g4 Qe8 12. Bxf6 Bxf6 13. Nd5 Rc8 14. Bb3
Ne5 15. Qxf6 gxf6 16. Nxf6+ Kg7 17. Nxe8+ Rfxe8 18. g5 Nf3 19. h4 Rxe4 20. Rxd6
Re1+ 21. Rxe1 Nxe1 22. Rd7 Kg6 23. Bxf7+ Kf5 24. Bh5 Nxc2 25. Rf7+ Ke6 26. Rxh7
Ne3+ 27. Kd2 Nf5 28. f4 Rd8+ 29. Ke2 Rb8 30. Bg4 a6 31. Kf3 b5 32. Rh6+ Kd5 33.
Bxf5 Rf8 34. Be4+ Kc5 35. Rxa6 b4 36. g6 Rg8 37. f5 Kb5 38. Ra8 Rg7 39. f6 Rc7
40. f7 Rc1 41. Bd3+ Kb6 42. f8=Q b3 43. Qb4+ Kc7 44. Qf4+ Kb7 45. Be4+ Rc6 46.
Qb8# 1-0

[Event "Brasil - 2011"]
[Site "http://www.queenalice.com/game.php?id=911665"]
[Date "2011.3.11"]
[Round "-"]
[White "neyvo"]
[Black "Lello5907"]
[Result "0-1"]
[WhiteElo "1797"]
[BlackElo "1775"]

1. e4 e5 2. Nf3 Nc6 3. Nc3 Nf6 4. Bb5 d5 5. exd5 Nxd5 6. O-O Nxc3 7. bxc3 Bd6 8.
Bxc6+ bxc6 9. d4 exd4 10. Re1+ Be6 11. cxd4 O-O 12. a4 Bb4 13. Ba3 Bxe1 14. Bxf8
Bxf2+ 15. Kxf2 Qxf8 16. Ng5 h6 17. Nxe6 fxe6+ 18. Qf3 Qd6 19. c3 Rf8 0-1

[Event "Challenge"]
[Site "http://www.queenalice.com/game.php?id=913146"]
[Date "2011.3.15"]
[Round "-"]
[White "favazza2007"]
[Black "Lello5907"]
[Result "1-0"]
[WhiteElo "1838"]
[BlackElo "1800"]

1. b4 d5 2. Bb2 e6 3. Nf3 Bxb4 4. Bxg7 f6 5. Bxh8 Nc6 6. c3 Bc5 7. e3 e5 8. Bb5
Nh6 9. Bxc6+ bxc6 10. Bg7 Ng4 11. h3 Nxf2 12. Kxf2 e4 13. Nd4 Bxd4 14. cxd4 f5
15. Qh5+ Ke7 16. Qxh7 Qe8 17. Be5+ Qf7 18. Qxf7+ Kxf7 19. Bxc7 a5 20. Nc3 Ra7
21. Be5 Ke6 22. Na4 1-0

[Event "Challenge"]
[Site "http://www.queenalice.com/game.php?id=919923"]
[Date "2011.3.31"]
[Round "-"]
[White "Thomerson"]
[Black "Lello5907"]
[Result "1-0"]
[WhiteElo "1781"]
[BlackElo "1780"]

1. e4 e5 2. Bc4 Nc6 3. Nf3 d6 4. O-O f5 5. d3 h6 6. c3 Qe7 7. b4 Be6 8. a4 Bxc4
9. dxc4 fxe4 10. a5 exf3 11. Qxf3 Qf6 12. Qd5 Nge7 13. Qb5 b6 14. axb6 cxb6 15.
Be3 g5 16. Nd2 Bg7 17. Ne4 Qe6 18. Rad1 Rd8 19. c5 bxc5 20. bxc5 Qd7 21. Nxd6+
Kf8 22. Qc4 a5 23. Qf7# 1-0

[Event "Challenge"]
[Site "http://www.queenalice.com/game.php?id=919925"]
[Date "2011.3.31"]
[Round "-"]
[White "Lello5907"]
[Black "Thomerson"]
[Result "0-1"]
[WhiteElo "1793"]
[BlackElo "1820"]

1. d4 d5 2. Nc3 Bf5 3. Nf3 e6 4. e3 Bd6 5. Bd3 Ne7 6. Bxf5 exf5 7. a3 O-O 8. h4
c5 9. b4 cxb4 10. axb4 Bxb4 11. Bd2 Bxc3 12. Bxc3 Nd7 13. Bb4 Re8 14. h5 Qb6 15.
Rb1 Qa6 16. Nh4 Qf6 17. Bxe7 Rxe7 18. Rxb7 f4 19. O-O fxe3 20. fxe3 Qxh4 21. Rf5
Rxe3 22. Rxd7 Re1+ 23. Qxe1 Qxe1+ 24. Kh2 f6 25. h6 Qh4+ 26. Kg1 Qxh6 27. Rfxd5
a5 28. c4 a4 29. Rd8+ Rxd8 30. Rxd8+ Kf7 31. d5 a3 32. Ra8 Ke7 33. Rxa3 Qc1+ 34.
Kh2 Qxa3 0-1

[Event "Challenge"]
[Site "http://www.queenalice.com/game.php?id=941974"]
[Date "2011.5.24"]
[Round "-"]
[White "Lello5907"]
[Black "giobetti"]
[Result "0-1"]
[WhiteElo "1777"]
[BlackElo "1869"]

1. e4 e6 2. d4 d5 3. exd5 exd5 4. Nc3 Bb4 5. Bd2 Nf6 6. Nf3 Bg4 7. h3 Bh5 8.
Qe2+ Qe7 9. O-O-O Qxe2 10. Bxe2 O-O 11. g4 Bg6 12. a3 a5 13. Ne5 Ne4 14. axb4
axb4 15. Nb1 b3 16. Nxg6 fxg6 17. Rh2 Nc6 18. Be3 Nb4 19. Bd3 Na2# 0-1

[Event "Challenge"]
[Site "http://www.queenalice.com/game.php?id=942017"]
[Date "2011.5.24"]
[Round "-"]
[White "giobetti"]
[Black "Lello5907"]
[Result "0-1"]
[WhiteElo "1887"]
[BlackElo "1778"]

1. b4 d5 2. Bb2 a6 3. g3 Nc6 4. a3 e5 5. Nf3 d4 6. Bg2 Nf6 7. d3 Bf5 8. e4 dxe3
9. fxe3 e4 10. Ne5 Nxe5 11. Bxe5 c6 12. Bxf6 Qxf6 13. O-O Qxa1 14. Rxf5 exd3 15.
c3 Qa2 16. Qxd3 Be7 17. Re5 Rd8 18. Qf1 f6 19. Re4 Kf7 20. h4 Rhe8 21. g4 Qb3
22. Bf3 Qc2 23. Rd4 Rxd4 24. exd4 Bd6 25. g5 Qh2# 0-1

[Event "AUTO-ADV-2176"]
[Site "http://www.queenalice.com/game.php?id=944351"]
[Date "2011.5.30"]
[Round "1"]
[White "C11"]
[Black "Lello5907"]
[Result "0-1"]
[WhiteElo "1477"]
[BlackElo "1774"]

1. e4 e5 2. Nf3 Nc6 3. d4 d5 4. dxe5 dxe4 5. Qxd8+ Nxd8 6. Bc4 exf3 7. gxf3 Be6
8. Bxe6 Nxe6 9. Bf4 Nxf4 10. Nd2 Ng2+ 11. Kf1 Nf4 0-1

[Event "AUTO-ADV-2176"]
[Site "http://www.queenalice.com/game.php?id=944367"]
[Date "2011.5.30"]
[Round "1"]
[White "afonso092"]
[Black "Lello5907"]
[Result "1-0"]
[WhiteElo "2025"]
[BlackElo "1778"]

1. e4 e5 2. Bc4 Nf6 3. d3 d5 4. exd5 Nxd5 5. h3 Bc5 6. Nf3 Nc6 7. O-O O-O 8. a3
a5 9. Bd2 Qf6 10. Bxd5 Ne7 11. Ba2 b5 12. Nc3 b4 13. Ne4 Qf5 14. Nxc5 bxa3 15.
bxa3 a4 16. Re1 Ng6 17. Ne4 Rb8 18. Bc3 Nf4 19. Ng3 Nxh3+ 20. gxh3 Qxh3 21. Bd5
Bg4 22. Rxe5 Kh8 23. Rg5 f6 24. Rxg4 Qxg4 25. Nh2 Qg5 26. Qf3 Rbd8 27. Be4 Qc5
28. Bb4 Qd4 29. Re1 Rfe8 30. Re2 c5 31. Qf5 g6 32. Qxc5 Kg8 33. Bd5+ Qxd5 34.
Rxe8+ Kf7 35. Rxd8 Qxd8 36. Qe7+ Qxe7 37. Bxe7 Kxe7 38. Kf1 h5 39. Ne4 Ke6 40.
Nc5+ Ke5 41. Nxa4 g5 42. Nc3 f5 43. a4 Kd6 44. Kg2 f4 45. Ne4+ Kc6 46. Nxg5 Kb6
47. Kf3 Ka5 48. Kxf4 Kxa4 49. d4 Kb5 50. Ke5 Kc6 51. d5+ Kd7 52. c4 h4 53. c5 h3
54. c6+ Kc7 55. Ke6 Kd8 56. d6 Ke8 57. d7+ Kf8 58. d8=Q+ Kg7 59. c7 Kg6 60. c8=Q
Kh5 61. Qh8+ Kxg5 62. Qf6+ Kh5 63. Qc5# 1-0

[Event "AUTO-ADV-2176"]
[Site "http://www.queenalice.com/game.php?id=944368"]
[Date "2011.5.30"]
[Round "1"]
[White "Lello5907"]
[Black "afonso092"]
[Result "0-1"]
[WhiteElo "1772"]
[BlackElo "2038"]

1. e4 e5 2. Nf3 d6 3. Bc4 h6 4. d4 exd4 5. Qxd4 Bd7 6. Qd5 Be6 7. Qxb7 Nd7 8.
Bxe6 fxe6 9. Qb5 Nf6 10. e5 Nh7 11. c4 Be7 12. exd6 cxd6 13. Qh5+ Kf8 14. Nc3
Nhf6 15. Qh3 Kf7 16. Nd4 Nf8 17. O-O Qd7 18. Qf3 Ng6 19. b3 Rhe8 20. Re1 Ne5 21.
Qh3 Bf8 22. Re2 Nc6 23. Nf3 Kg8 24. Ne4 Nxe4 25. Rxe4 Nd8 26. Qg4 Kh7 27. Bb2
Rb8 28. Nh4 g5 29. Nf3 Rb7 30. Re2 e5 31. Qe4+ Kh8 32. Rd1 Qf7 33. h4 Ne6 34.
hxg5 hxg5 35. g3 Rd8 36. Kg2 Kg8 37. Nxe5 dxe5 38. Rh1 Nd4 39. Re3 Qg7 40. g4
Re7 41. Reh3 Rdd7 42. Rh5 Qf6 43. b4 Rf7 44. Qe3 Rg7 45. a4 Bxb4 46. Rh6 Qf4 47.
Bxd4 Qxg4+ 48. Kf1 Rxd4 49. f3 Qf4 50. Qb3 Rxc4 51. Ke2 Kf8 52. Qd3 Rd4 53. Rh8+
Ke7 54. Re8+ Kxe8 55. Qb5+ Rdd7 56. Rh8+ Ke7 57. a5 Rd2+ 58. Kf1 Qxf3+ 59. Ke1
Qf2# 0-1

[Event "AUTO-ADV-2176"]
[Site "http://www.queenalice.com/game.php?id=944377"]
[Date "2011.5.30"]
[Round "1"]
[White "JungJoe"]
[Black "Lello5907"]
[Result "1-0"]
[WhiteElo "1907"]
[BlackElo "1733"]

1. d4 Nf6 2. c4 c5 3. d5 d6 4. Nc3 e6 5. e4 g6 6. Bd3 Bg7 7. Bg5 exd5 8. Nxd5
Nbd7 9. Qd2 b6 10. Nf3 O-O 11. O-O Bb7 12. Rfe1 a5 13. e5 dxe5 14. Nxe5 Bxd5 15.
Nxd7 Qxd7 16. cxd5 Nxd5 17. Be4 1-0

[Event "AUTO-ADV-2176"]
[Site "http://www.queenalice.com/game.php?id=944378"]
[Date "2011.5.30"]
[Round "1"]
[White "Lello5907"]
[Black "JungJoe"]
[Result "0-1"]
[WhiteElo "1767"]
[BlackElo "1896"]

1. e4 c6 2. d4 d5 3. Nc3 g6 4. Nf3 Bg4 5. h3 Bxf3 6. Qxf3 e6 7. Bf4 Bg7 8. O-O-O
Ne7 9. g4 Nd7 10. h4 f6 11. g5 f5 12. exd5 exd5 0-1

[Event "Let's Play Chess!"]
[Site "http://www.queenalice.com/game.php?id=948357"]
[Date "2011.6.10"]
[Round "-"]
[White "Lello5907"]
[Black "thewhitebishop"]
[Result "0-1"]
[WhiteElo "1789"]
[BlackElo "1990"]

1. e4 Nf6 2. Nc3 d6 3. Nf3 g6 4. d4 Bg7 5. e5 dxe5 6. dxe5 Qxd1+ 7. Nxd1 Ng4 8.
b3 Nxe5 9. Nxe5 Bxe5 10. Rb1 O-O 11. Bd3 Nc6 12. c4 Nb4 13. Be2 Bf5 14. Bb2 Bxh2
15. Ra1 Nc2+ 16. Kf1 Bf4 17. g4 Be4 18. f3 Nxa1 19. Bxa1 Bc6 20. b4 b5 21. cxb5
Bd5 22. a4 a5 23. Nc3 Bb3 24. bxa5 Rxa5 25. Bd3 Rd8 26. Ke2 Bxa4 27. Nd5 Rxd5
28. Bxg6 Rd2+ 29. Ke1 fxg6 30. g5 Bxb5 31. Bg7 e5 32. Rxh7 Ra1# 0-1

[Event "Let's Play Chess!"]
[Site "http://www.queenalice.com/game.php?id=948358"]
[Date "2011.6.10"]
[Round "-"]
[White "thewhitebishop"]
[Black "Lello5907"]
[Result "1-0"]
[WhiteElo "1965"]
[BlackElo "1798"]

1. e4 e5 2. f4 Bc5 3. Nf3 exf4 4. d4 Bb6 5. Bxf4 d6 6. Bc4 Nf6 7. Ng5 O-O 8. e5
Qe7 9. Nc3 Nc6 10. Ne2 dxe5 11. dxe5 Nxe5 12. Bxe5 Qxe5 13. Nxf7 Rxf7 14. Qd8+
Ne8 15. Rf1 Bd7 16. Bxf7+ Kh8 17. Qxa8 Qxb2 18. Rc1 Ba5+ 19. c3 Bb5 20. Bh5 g6
21. Qd8 gxh5 22. Qd4+ Kg8 23. Qd5+ Kg7 24. Rf7+ Kg6 25. Qf5+ Kh6 26. Rxh7# 1-0

[Event "Let's Play Chess!"]
[Site "http://www.queenalice.com/game.php?id=950325"]
[Date "2011.6.16"]
[Round "-"]
[White "artkrup"]
[Black "Lello5907"]
[Result "1-0"]
[WhiteElo "1569"]
[BlackElo "1756"]

1. e4 e5 2. Bc4 Nc6 3. Nf3 Nf6 4. Ng5 d5 5. exd5 Nxd5 6. d3 Bc5 7. Nc3 Be6 8.
Qf3 Qd7 9. Bxd5 Nd4 10. Qd1 Bxd5 11. Nxd5 Qxd5 12. O-O 1-0